| 000 | 00589nam a2200241 a 4500 | ||
|---|---|---|---|
| 003 | AR-BaBNM | ||
| 005 | 20251128205548.0 | ||
| 008 | 082120s2002 ||||||||||||||000 | spa|| | ||
| 040 | _cAR-BaBNM | ||
| 100 | 1 | _aDoyle, Arthur Conan | |
| 245 | 0 | 0 | _aThe hound of the Baskervilles |
| 250 | _a1ยช ed. | ||
| 260 |
_aLondres _bJohn Murray _c1968 |
||
| 300 | _a183 p. | ||
| 490 | 0 | _aJohn Murray Paperbacks | |
| 650 | 4 | _aLITERATURA INGLESA | |
| 650 | 4 | _aSIGLO DIECINUEVE | |
| 653 | _aNOVELA POLICIAL | ||
| 653 | _aNARRATIVA | ||
| 655 | _aLITERATURA | ||
| 942 | _cBK | ||
| 998 | _cMARTIN | ||
| 999 |
_c11903 _d11903 |
||